عرض عادي
عرض مارك
- Burden, David
دخول Personal Name
001 - CONTROL NUMBER
- control field: 30992
003 - CONTROL NUMBER IDENTIFIER
- control field: AE-AdECS
005 - DATE AND TIME OF LATEST TRANSACTION
- control field: 20260701070505.0
008 - FIXED-LENGTH DATA ELEMENTS
- fixed length control field: 260701|| aca||aabn | a|a d
040 ## - CATALOGING SOURCE
- Original cataloging agency: AE-AdECS
- Transcribing agency: AE-AdECS
100 ## - HEADING--PERSONAL NAME
- Personal name: Burden, David
670 ## - SOURCE DATA FOUND
- Source citation: Work cat.: (AE-AdECS)295557: Fawkes, Andy, author. 30987, The military metaverse /
